000
00295nam a22001217a 4500
008
160510b xxu||||| |||| 00| 0 eng d
020
_a
9780073374949
020
_a
9780073374949
041
_a
eng
080
_a
61
245
_a
Practice management and EHR:
_c
Susan M.Sanderson ;
942
_2
udc
_c
BK
999
_c
1998
_d
1998